000 00535nam a2200157 a 4500
008 120416s1989 ||||||||||||||||| || u
020 _a1850918309
050 _aQA 76.76.E95 Har
100 _aHart, Anna
245 1 0 _aKnowledge acquisition for expert systems
250 _a2nd ed.
260 _aLondon
_bKogan Page
_c1989
300 _a196p. : ill.
350 _a0.00
995 _D0.00
_FCBU-MAIN LIBRARY (Kitwe)
_H1
_I14.95
_M1
_UAVAILABLE
_ZMain Library Open Access Collection
999 _c48660
_d48660